| 000 | 01024nam a22003737a 4500 | ||
|---|---|---|---|
| 005 | 20260309171808.0 | ||
| 008 | 160421b2012 xxu||||| |||| 00| 0 spa d | ||
| 020 | _a9789585714137 | ||
| 041 | _aESP | ||
| 082 | _a617.69 B315t5 | ||
| 100 |
_aBasker, R.M _99307 |
||
| 100 |
_aDavenport, J.C _99308 |
||
| 100 |
_aDonnell, Cyril _99309 |
||
| 100 |
_aWeihrich, Heinz _93222 |
||
| 245 | _aTratamiento protésico en pacientes edéntulos | ||
| 250 | _a5 edición | ||
| 260 | _aVenezuela | ||
| 260 | _bAmolca | ||
| 260 | _c2012 | ||
| 300 | _a271 páginas | ||
| 300 | _bFotografías a color | ||
| 490 | _aMecánica Dental | ||
| 650 | _aPROSTODONCIA | ||
| 650 | _aPACIENTES EDÉNTULOS | ||
| 650 | _aPRÓTESIS TOTAL | ||
| 650 | _aTRATAMIENTO PROTÉSICO | ||
| 650 | _aDENTADURAS ARTIFICIAL | ||
| 650 | _aRELACIONES INTERMAXILARES | ||
| 650 | _aRELACIONES INTERMAXILARES | ||
| 650 | _aEVALUACIÓN DEL PACIENTE | ||
| 650 | _aPREPARACIÓN DE LA BOCA | ||
| 650 | _aIMPRESIONES DENTALES | ||
| 942 |
_cBK _2ddc |
||
| 999 |
_c8044 _d8044 |
||